000 00727nam a22002417a 4500
003 UA-OsUOA
001 113659
007 ta
008 20150922b un ||||| |||| 00| 0 ukr d
100 _aРябий М.
700 _aХатян О.
700 _aБагацький С.
090 _a004
_bР98
942 _cSA
040 _aUA-OsUOA
_bukr
_cUA-OsUOA
_dUA-OsUOA
245 _aМодель виявлення PR-впливу через публікації в Інтернет ЗМІ
300 _aС.131-140
955 _a0
041 _aukr
080 _a004
773 0 _w113658
_tБезпека інформації
_dК.
_d2015
_g2
650 7 _a00 Загальні питання науки і культури
_2UDC
999 _c399713
_d399713